000 00305nam a22001337a 4500
003 OSt
005 20231128152318.0
008 231128b |||||||| |||| 00| 0 eng d
040 _cCO-JMCR
082 _aANDd
100 _aAndréiev, Leonid,
_942780
245 _aEl diario de satanás /
942 _2ddc
_cBK
999 _c30414
_d16798